00265nam a2200097Ia 4500001000800000005001700008008004100025020001800066245006400084260001900148127604520260417160439.0260417s9999 xx 000 0 und d a9786255998620 0aChildren of Salik – Treasure HuntcJenny Molendyk Divleli bKetebe Çocuk